000 00332nam a2200145Ia 4500
003 OSt
008 191201s2002 xx 000 0 und d
082 _a158.1
_b HAH
100 _aHARDAYAL
245 0 _aHints For Self Culture
260 _aNew Delhi
_bKhosla Pub
_c2002
300 _a366
650 _aGeneral Books
942 _2ddc
_cBK
999 _c6526
_d6526